000 00476nam a2200205Ia 4500
003 OSt
005 20221002055024.0
006 a|||||r|||| 00| 0
007 ta
008 kan
024 _a71554
037 _cReference Collections
040 _aCRL
_cCRL
_bkan
041 _2kan
_akan
082 _aQ2:22k, 333L5(RR)
245 0 _aPurana-Bharata kosa
260 _c1975
942 _hQ2:22k, 333L5(RR)
_cref
_2CC
999 _c926519
_d926519